Digital design fundamentals / (Record no. 175648)

000 -LEADER
fixed length control field 00978 a2200205 4500
003 - CONTROL NUMBER IDENTIFIER
control field Nust
005 - DATE AND TIME OF LATEST TRANSACTION
control field 20230830111751.0
010 ## - LIBRARY OF CONGRESS CONTROL NUMBER
LC control number 91018752
020 ## - INTERNATIONAL STANDARD BOOK NUMBER
Terms of availability 0132112779
040 ## - CATALOGING SOURCE
Transcribing agency Nust
082 00 - DEWEY DECIMAL CLASSIFICATION NUMBER
Classification number 621.3815,BRE
100 1# - MAIN ENTRY--PERSONAL NAME
Personal name Breeding, Kenneth J.
9 (RLIN) 41480
245 10 - TITLE STATEMENT
Title Digital design fundamentals /
Statement of responsibility, etc. Kenneth J. Breeding.
250 ## - EDITION STATEMENT
Edition statement 2nd ed.
260 ## - PUBLICATION, DISTRIBUTION, ETC.
Place of publication, distribution, etc. Englewood Cliffs, N.J. :
Name of publisher, distributor, etc. Prentice Hall,
Date of publication, distribution, etc. c1992.
300 ## - PHYSICAL DESCRIPTION
Extent xv, 446 p. :
Other physical details ill. ;
Dimensions 24 cm.
505 ## - FORMATTED CONTENTS NOTE
Formatted contents note Introduction to Digital Systems.(Page-1), Number Systems. (Page-7), Boolean and Switching Algebra. (Page-41), Gates and the Design of Switching Circuits. (Page-95), Sequential Circuits. (Page-137), Asynchronous Sequential Circuits. (Page-201), Pulse-Mode or Multiply Clocked Sequential Circuits. (Page-265), Special Topics In Switching Theory. (Page-301), Large-Scale System Design (Page-353), An Introduction to IEE Std (Page-419).
650 #0 - SUBJECT ADDED ENTRY--TOPICAL TERM
Topical term or geographic name entry element Telecommunication Engineering.
942 ## - ADDED ENTRY ELEMENTS (KOHA)
Koha item type Reference
Source of classification or shelving scheme
Holdings
Withdrawn status Lost status Source of classification or shelving scheme Damaged status Not for loan Permanent Location Current Location Shelving location Date acquired Full call number Barcode Date last seen Price effective from Koha item type Public note
          Military College of Signals (MCS) Military College of Signals (MCS) Reference 12/12/2016 621.3815,BRE MCS21437 12/08/2016 12/12/2016 Reference Almirah No.21, Shelf No.4
© 2023 Central Library, National University of Sciences and Technology. All Rights Reserved.